Представление документа в формате RUSMARC

ПолеНазваниеЗначение
  Тип записи a
  Библиографический уровень c
001 Контрольный номер RU/SLIB/B/208772973
005 Дата корректировки 20201206204310.0
010 Индекс ISBN __
d Цена 1-10
101 Язык документа __
a Язык текста rus
200 Заглавие и сведения об ответственности __
a Заглавие Предшествие
f Первые сведения об ответственности Г. И. Серебрякова
b Общее обозначение материала Текст
i Наименование части Женщины эпохи французской революции
210 Выходные данные __
a Место издания М.
c Издательство Худож. лит.
d Дата издания 1969
215 Физическое описание __
a Объем 560 с.
461 Уровень набора __
1 2001
a Собрание сочинений
v Т. 5
606 Тематические рубрики __
a Основная рубрика Художественная литература
y Географическая подрубрика Россия
606 Тематические рубрики __
a Основная рубрика Русская литература XX в. (произведения)
610 Ключевые слова __
a Ключевые слова писатели; прозаики; проза; романы; повести
686 Индексы других классификаций __
a Классификационный индекс 84(2Рос=Рус)6-4
700 Автор __
a Фамилия Серебрякова
b Имя Г. И.
4 Код отношения 070
801 Источник записи _0
a Страна RU
b Организация Муниципальное бюджетное учреждение культуры "Централизованная библиотечная система" г. Сургут (Центральная городская библиотека им. А. С. Пушкина)
g Правила каталогизации КиК/Елгина
801 Источник записи _1
a Страна RU
b Организация Муниципальное бюджетное учреждение культуры "Централизованная библиотечная система" г. Сургут (Центральная городская библиотека им. А. С. Пушкина)
g Правила каталогизации КиК/Елгина
852 Данные о местонахождении __
j Шифр хранения 84(2Рос=Рус)6-4
i Авторский знак С 32
p Инвентарный номер 29800(с)
901 Тип документа __
t Тип документа x
969 Тип издания __
a Тип издания сборник
990 Данные о заказе (DOS) __
j Количество экземпляров (DOS) 1
t N записи в КСУ для И/У (DOS) ретро